[Event "MSU Interuniversity Cup"]
[Site "Moscow RUS"]
[Date "2023.05.18"]
[Round "9.2"]
[White "Kembayev, Bakhytzhan"]
[Black "Gubatayeva, Ayshe"]
[Result "1-0"]
[WhiteElo "2044"]
[BlackElo "1779"]
[PlyCount "83"]
[EventDate "2023.05.15"]
[EventType "team (rapid)"]
[EventRounds "9"]
[EventCountry "RUS"]
[SourceTitle "CBM 214 Extra"]
[Source "ChessBase"]
[SourceDate "2023.07.31"]
[SourceVersion "1"]
[SourceVersionDate "2023.07.31"]
[SourceQuality "1"]
[WhiteTeam "Kazakhstan"]
[BlackTeam "Turkmenistan"]
[WhiteTeamCountry "KAZ"]
[BlackTeamCountry "TKM"]

1. d4 Nf6 2. Nf3 g6 3. g3 Bg7 4. Bg2 d6 5. 0-0 0-0 6. c4 Nc6 7. Nc3 a6 8. d5 Na5 9. Nd2 c5 10. Qc2 Bd7 11. b3 b5 12. Bb2 Rb8 13. e4 bxc4 14. bxc4 Ng4 15. Rab1 f5 16. Ne2 Bxb2 17. Rxb2 Qc7 18. Rxb8 Rxb8 19. h3 Nf6 20. Nc3 Rb6 21. Re1 Qb8 22. exf5 Bxf5 23. Qa4 Rb2 24. Qxa5 Rxd2 25. Rxe7 Kf8 26. Re1 Rc2 27. Re3 Ne8 28. g4 Bd7 29. Be4 Rc1+ 30. Kg2 Qb2 31. Rf3+ Kg8 32. Qd8 Rxc3 33. Qxd7 Rxf3 34. Bxf3 Qe5 35. Qa7 Nf6 36. Qxa6 Ne4 37. Qa5 Qd4 38. Qe1 Nf6 39. Qe6+ Kg7 40. Qxd6 Qxc4 41. Qe7+ Kg8 42. Qxf6 1-0

[Event "MSU Interuniversity Cup"]
[Site "Moscow RUS"]
[Date "2023.05.17"]
[Round "7.1"]
[White "Evtina, Diana"]
[Black "Kembayev, Bakhytzhan"]
[Result "0-1"]
[WhiteElo "1817"]
[BlackElo "2044"]
[PlyCount "57"]
[EventDate "2023.05.15"]
[EventType "team (rapid)"]
[EventRounds "9"]
[EventCountry "RUS"]
[SourceTitle "CBM 214 Extra"]
[Source "ChessBase"]
[SourceDate "2023.07.31"]
[SourceVersion "1"]
[SourceVersionDate "2023.07.31"]
[SourceQuality "1"]
[WhiteTeam "SPbGU"]
[BlackTeam "Kazakhstan"]
[WhiteTeamCountry "RUS"]
[BlackTeamCountry "KAZ"]

1. e4 d6 2. d4 Nf6 3. Nc3 e5 4. Nf3 Nbd7 5. Rg1 c6 6. g4 h6 7. Be3 b5 8. h4 b4 9. g5 bxc3 10. gxf6 Nxf6 11. bxc3 Qa5 12. Bd2 Nxe4 13. c4 Nxd2 14. Qxd2 Qxd2+ 15. Kxd2 e4 16. Ne1 g6 17. Rb1 h5 18. Bg2 f5 19. c3 Ba6 20. Bf1 Bh6+ 21. Kd1 Kf7 22. Nc2 Rab8 23. Rb3 Rxb3 24. axb3 c5 25. Ne3 cxd4 26. cxd4 Bg7 27. d5 Bf6 28. Kc2 Bxh4 29. Bh3 0-1

[Event "FIDE World Uni Rapid-C 1st"]
[Site "Tornelo INT"]
[Date "2021.03.21"]
[Round "11"]
[White "Kembayev, Bakhytzhan"]
[Black "Grieve, Harry"]
[Result "0-1"]
[WhiteElo "2054"]
[BlackElo "2351"]
[PlyCount "102"]
[EventDate "2021.03.20"]
[EventType "swiss (rapid)"]
[EventRounds "12"]
[EventCountry "NET"]
[SourceTitle "CBM 201 Extra"]
[Source "ChessBase"]
[SourceDate "2021.05.31"]
[SourceVersion "1"]
[SourceVersionDate "2021.05.31"]
[SourceQuality "1"]

1. d4 f5 2. c4 Nf6 3. Nf3 g6 4. g3 Bg7 5. Bg2 0-0 6. 0-0 d6 7. b3 e5 8. dxe5 dxe5 9. Ba3 Re8 10. Bb2 e4 11. Nd4 Ng4 12. h3 c5 13. hxg4 cxd4 14. gxf5 Bxf5 15. e3 dxe3 16. Qxd8 Rxd8 17. Bxg7 exf2+ 18. Kxf2 Kxg7 19. Nc3 e3+ 20. Kxe3 Rd3+ 21. Ke2 Nc6 22. Rxf5 Rxc3 23. Rd5 Re8+ 24. Kf2 Rf8+ 25. Kg1 Rxg3 26. Rd7+ Rf7 27. Rad1 Re3 28. Rxf7+ Kxf7 29. Rd7+ Re7 30. Bd5+ Kf6 31. Bxc6 bxc6 32. Rd6+ Kf5 33. Rxc6 h5 34. Rc8 h4 35. c5 Kg4 36. Rg8 g5 37. c6 Re1+ 38. Kf2 Rc1 39. Rg6 h3 40. Rh6 Rc2+ 41. Ke3 Kg3 42. Kd3 Rc1 43. Kd2 Rf1 44. b4 h2 45. b5 h1Q 46. Rxh1 Rxh1 47. a4 Kf4 48. c7 Rh8 49. a5 Ke5 50. b6 axb6 51. axb6 Kd6 0-1

[Event "FIDE World Uni Rapid-C 1st"]
[Site "Tornelo INT"]
[Date "2021.03.20"]
[Round "5"]
[White "Bilguun, Sumiya"]
[Black "Kembayev, Bakhytzhan"]
[Result "1-0"]
[WhiteElo "2454"]
[BlackElo "2054"]
[PlyCount "121"]
[EventDate "2021.03.20"]
[EventType "swiss (rapid)"]
[EventRounds "12"]
[EventCountry "NET"]
[SourceTitle "CBM 201 Extra"]
[Source "ChessBase"]
[SourceDate "2021.05.31"]
[SourceVersion "1"]
[SourceVersionDate "2021.05.31"]
[SourceQuality "1"]

1. e4 e5 2. Bc4 Nf6 3. d3 c6 4. Qe2 Bb4+ 5. c3 Be7 6. Nf3 d6 7. Nbd2 0-0 8. Bb3 Nbd7 9. Nf1 Nc5 10. Bc2 a5 11. a4 Re8 12. Ng3 Bf8 13. 0-0 d5 14. h3 dxe4 15. dxe4 h6 16. Rd1 Qc7 17. Nh2 Be6 18. Be3 Rad8 19. Re1 Rd7 20. Qf3 Nd3 21. Reb1 Nf4 22. Ng4 Nxg4 23. hxg4 g6 24. b3 Red8 25. Nf1 b5 26. Kh2 b4 27. c4 h5 28. gxh5 Nxh5 29. g3 Be7 30. Kg2 Nf6 31. Nh2 c5 32. Rh1 Rd6 33. Bg5 Qc8 34. Nf1 Bg4 35. Qe3 Bd1 36. Bxd1 Rxd1 37. Bxf6 Bxf6 38. Qf3 R1d6 39. Ne3 Bg7 40. Nd5 Qe6 41. Rh4 f5 42. exf5 gxf5 43. Qxf5 Qxf5 44. Ne7+ Kf7 45. Nxf5 Rd3 46. Rb1 Bf6 47. Rg4 Rc3 48. Ne3 Rdd3 49. Nd5 Rxb3 50. Rh1 Rf3 51. Rh7+ Ke6 52. Rg6 Rbd3 53. Rb7 e4 54. Rb6+ Ke5 55. Nxf6 Rd2 56. Nxe4 Kxe4 57. Rge6+ Kd4 58. Kxf3 Kxc4 59. g4 b3 60. Re4+ Kd5 61. Rxb3 1-0

[Event "FIDE World Uni Blitz-D 1st"]
[Site "Tornelo INT"]
[Date "2021.03.13"]
[Round "9.29"]
[White "Kembayev, Bakhytzhan"]
[Black "Zamyatin, Oleg"]
[Result "1-0"]
[WhiteElo "2054"]
[BlackElo "1657"]
[PlyCount "49"]
[EventDate "2021.03.13"]
[EventType "swiss (blitz)"]
[EventRounds "10"]
[EventCountry "NET"]
[SourceTitle "EXT 2022"]
[Source "ChessBase"]
[SourceDate "2021.10.06"]
[SourceVersion "1"]
[SourceVersionDate "2021.10.06"]
[SourceQuality "1"]

1. d4 Nf6 2. c4 g6 3. Nc3 d5 4. cxd5 Nxd5 5. e4 Nxc3 6. bxc3 Bg7 7. Bc4 c5 8. Ne2 Nc6 9. 0-0 Qa5 10. Be3 cxd4 11. cxd4 0-0 12. Rc1 Rd8 13. d5 Ne5 14. Bb3 Bd7 15. Bc5 e6 16. f4 Ng4 17. h3 Nh6 18. Be7 Rdc8 19. dxe6 Bxe6 20. Bxe6 fxe6 21. Qd7 Qb6+ 22. Kh2 Re8 23. Rc7 e5 24. Bd6 Bf6 25. Qxh7# 1-0

[Event "FIDE World Uni Blitz-D 1st"]
[Site "Tornelo INT"]
[Date "2021.03.13"]
[Round "6.40"]
[White "Pinto, Alejandro"]
[Black "Kembayev, Bakhytzhan"]
[Result "0-1"]
[WhiteElo "1742"]
[BlackElo "2054"]
[PlyCount "58"]
[EventDate "2021.03.13"]
[EventType "swiss (blitz)"]
[EventRounds "10"]
[EventCountry "NET"]
[SourceTitle "EXT 2022"]
[Source "ChessBase"]
[SourceDate "2021.10.06"]
[SourceVersion "1"]
[SourceVersionDate "2021.10.06"]
[SourceQuality "1"]

1. e4 d6 2. Nf3 Nf6 3. Nc3 e5 4. Bc4 Be7 5. 0-0 0-0 6. d4 Nbd7 7. dxe5 dxe5 8. Qe2 c6 9. Rd1 Qc7 10. Bb3 Nc5 11. h3 b5 12. a3 a5 13. Ba2 Rb8 14. Bg5 b4 15. axb4 axb4 16. Nb1 h6 17. Bxf6 Bxf6 18. Nbd2 Ne6 19. g3 Re8 20. Nc4 Ba6 21. Qe3 Nd4 22. Rac1 c5 23. c3 Nxf3+ 24. Qxf3 b3 25. Nd6 Red8 26. Bxb3 Rxb3 27. Nf5 Rxb2 28. Qg4 Kh7 29. h4 Be2 0-1

[Event "Asia-ch Universities"]
[Site "Chess.com INT"]
[Date "2020.12.28"]
[Round "5"]
[White "Rakhimzhan, Alen"]
[Black "Kembayev, Bakhytzhan"]
[Result "1/2-1/2"]
[WhiteElo "2273"]
[BlackElo "2054"]
[PlyCount "24"]
[EventDate "2020.12.27"]
[EventType "swiss"]
[EventRounds "9"]
[EventCountry "IRI"]
[SourceTitle "CBM 200 Extra"]
[Source "ChessBase"]
[SourceDate "2021.03.31"]
[SourceVersion "1"]
[SourceVersionDate "2021.03.31"]
[SourceQuality "1"]

1. d4 d5 2. c4 c6 3. cxd5 cxd5 4. Bf4 Nc6 5. e3 Bf5 6. Nc3 Nf6 7. Bd3 Bxd3 8. Qxd3 e6 9. Nf3 Bd6 10. Bxd6 Qxd6 11. 0-0 0-0 12. Rfc1 Rac8 1/2-1/2

[Event "Almaty op"]
[Site "Almaty"]
[Date "2019.10.14"]
[Round "9"]
[White "Sisabayev, Kuanysh"]
[Black "Kembayev, Bakhytzhan"]
[Result "1/2-1/2"]
[WhiteElo "2289"]
[BlackElo "2107"]
[PlyCount "105"]
[EventDate "2019.10.07"]
[EventType "swiss"]
[EventRounds "9"]
[EventCountry "KAZ"]
[SourceTitle "EXT 2020"]
[Source "ChessBase"]
[SourceDate "2019.10.17"]
[SourceVersion "1"]
[SourceVersionDate "2019.10.17"]
[SourceQuality "1"]

1. e4 e5 2. Bc4 Nc6 3. Nc3 Nf6 4. d3 Bc5 5. Be3 d6 6. Bxc5 dxc5 7. Nge2 0-0 8. 0-0 Na5 9. Bb3 Nxb3 10. axb3 Nh5 11. f4 Nxf4 12. Nxf4 exf4 13. Rxf4 f5 14. exf5 Rxf5 15. Rxf5 Bxf5 16. Qf3 Qd4+ 17. Kh1 Rf8 18. Rf1 c6 19. Ne4 Qe5 20. Kg1 Qe7 21. Nd2 Rf6 22. Qg3 h6 23. Nc4 Kh7 24. h3 Be6 25. Re1 Rg6 26. Qf4 Qd8 27. Rxe6 Rxe6 28. Qf5+ Rg6 29. Ne5 Qf6 30. Qe4 h5 31. h4 Kh6 32. Nxg6 Qxg6 33. Qe3+ Kh7 34. Qxc5 Qg4 35. Qf2 Qd1+ 36. Kh2 Qg4 37. g3 a6 38. Kg2 Qd1 39. b4 g6 40. Qf7+ Kh6 41. Qf2 Kh7 42. d4 Kg8 43. c3 Qd3 44. Kh2 Kg7 45. Qg2 Qd1 46. g4 hxg4 47. Kg3 Kh6 48. Qe4 Qg1+ 49. Kf4 g3 50. Kg4 Qf2 51. Qf3 Kg7 52. b3 Kh7 53. c4 1/2-1/2

[Event "Almaty op"]
[Site "Almaty"]
[Date "2019.10.13"]
[Round "8"]
[White "Kembayev, Bakhytzhan"]
[Black "Nurgaliyev, Sauat"]
[Result "1-0"]
[WhiteElo "2107"]
[BlackElo "2029"]
[PlyCount "135"]
[EventDate "2019.10.07"]
[EventType "swiss"]
[EventRounds "9"]
[EventCountry "KAZ"]
[SourceTitle "EXT 2020"]
[Source "ChessBase"]
[SourceDate "2019.10.17"]
[SourceVersion "1"]
[SourceVersionDate "2019.10.17"]
[SourceQuality "1"]

1. Nf3 Nf6 2. d4 e6 3. c4 d5 4. g3 Be7 5. Bg2 0-0 6. 0-0 dxc4 7. Qc2 a6 8. a4 Bd7 9. Qxc4 Bc6 10. Bg5 Nbd7 11. Rd1 Nb6 12. Qc2 Nbd5 13. Bxf6 Bxf6 14. Nbd2 Nb4 15. Qc1 Qd5 16. e4 Qh5 17. a5 Rac8 18. Qc3 Be7 19. Ne5 Bb5 20. Bf3 Qh6 21. Nb3 b6 22. h4 c5 23. dxc5 bxc5 24. Nd7 Bxd7 25. Rxd7 Rfe8 26. Rad1 Bf8 27. e5 c4 28. Nd2 Na2 29. Qd4 c3 30. bxc3 Nxc3 31. Re1 Bc5 32. Qd3 Bb4 33. Bb7 Rb8 34. Ra1 Qh5 35. Nf3 h6 36. Kg2 Qg4 37. Rd4 Qxd4 38. Nxd4 Rxb7 39. Nc6 Nd5 40. Qxa6 Rc7 41. Nxb4 Nxb4 42. Qb5 Nc6 43. Rc1 Rec8 44. a6 Kh7 45. Qb6 h5 46. a7 Rxa7 47. Rxc6 Rxc6 48. Qxa7 Kg6 49. Qe7 Rc8 50. Qg5+ Kh7 51. Qxh5+ Kg8 52. Qg5 Kh7 53. h5 Ra8 54. Qe7 Kg8 55. g4 Rb8 56. g5 Ra8 57. g6 Rf8 58. Kg3 fxg6 59. hxg6 Ra8 60. Qxe6+ Kh8 61. Qh3+ Kg8 62. Qh7+ Kf8 63. Qh8+ Ke7 64. Qxg7+ Ke6 65. Qf6+ Kd7 66. Qd6+ Kc8 67. g7 Kb7 68. Qd5+ 1-0

[Event "Almaty op"]
[Site "Almaty"]
[Date "2019.10.10"]
[Round "5"]
[White "Kembayev, Bakhytzhan"]
[Black "Baimurzin, Aitkazy"]
[Result "1-0"]
[WhiteElo "2107"]
[BlackElo "2116"]
[PlyCount "92"]
[EventDate "2019.10.07"]
[EventType "swiss"]
[EventRounds "9"]
[EventCountry "KAZ"]
[SourceTitle "EXT 2020"]
[Source "ChessBase"]
[SourceDate "2019.10.17"]
[SourceVersion "1"]
[SourceVersionDate "2019.10.17"]
[SourceQuality "1"]

1. d4 c5 2. d5 e6 3. e4 a6 4. c4 exd5 5. exd5 g6 6. Nf3 Bg7 7. Nc3 d6 8. Bf4 Ne7 9. Qa4+ Bd7 10. Qb3 0-0 11. Bd3 Bf5 12. Bxf5 Nxf5 13. 0-0 Nd7 14. Ne4 Nf6 15. Bg5 h6 16. Bxf6 Bxf6 17. Qxb7 Bg7 18. Rab1 Qa5 19. Qb3 Rfb8 20. Qa3 Qd8 21. b4 cxb4 22. Rxb4 Rxb4 23. Qxb4 a5 24. Qa3 Rb8 25. g4 Bb2 26. Qd3 Ng7 27. Rb1 f5 28. gxf5 Nxf5 29. Ng3 Qf6 30. Nxf5 gxf5 31. Nd4 Kh8 32. Kf1 f4 33. Qe4 f3 34. Nxf3 Rf8 35. Qe2 Ba3 36. Rb3 Bc5 37. Qd1 a4 38. Rd3 a3 39. Qc1 Rb8 40. Qe1 Qg7 41. Nd2 Rf8 42. Ne4 Rc8 43. Nxc5 Rxc5 44. Rg3 Qf7 45. Qe3 Qf8 46. Rf3 Qg7 1-0